Consensus Ad IDEM : consent and free consent in contract law (Record no. 297858)
[ view plain ]
| 000 -LEADER | |
|---|---|
| fixed length control field | 00429nam a22001577a 4500 |
| 005 - DATE AND TIME OF LATEST TRANSACTION | |
| control field | 20250128125958.0 |
| 008 - FIXED-LENGTH DATA ELEMENTS--GENERAL INFORMATION | |
| fixed length control field | 250128b |||||||| |||| 00| 0 eng d |
| 020 ## - INTERNATIONAL STANDARD BOOK NUMBER | |
| International Standard Book Number | 978-9390529490 |
| 082 ## - DEWEY DECIMAL CLASSIFICATION NUMBER | |
| Classification number | 346.02 KAU; |
| 100 ## - MAIN ENTRY--PERSONAL NAME | |
| Personal name | Kaushik, Laik. |
| 245 ## - TITLE STATEMENT | |
| Title | Consensus Ad IDEM : consent and free consent in contract law |
| 250 ## - EDITION STATEMENT | |
| Edition statement | 1st ed. |
| 260 ## - PUBLICATION, DISTRIBUTION, ETC. (IMPRINT) | |
| Place of publication, distribution, etc. | Legal South Asia |
| Name of publisher, distributor, etc. | Thomson Reuters |
| 300 ## - PHYSICAL DESCRIPTION | |
| Extent | vii, 535 |
| 942 ## - ADDED ENTRY ELEMENTS (KOHA) | |
| Koha item type | Law Books |
| Date last seen | Total Checkouts | Full call number | Accession number | Copy number | Cost, replacement price | Price effective from | Category | Lost status | Source of classification or shelving scheme | Damaged status | Department | Withdrawn status | bill no. | bill date | Permanent Location | Current Location | Shelving location | Entry date | Vendor | Cost, normal purchase price | Grants | Currency symbol | Conversion rate | Discount | Discount type |
|---|---|---|---|---|---|---|---|---|---|---|---|---|---|---|---|---|---|---|---|---|---|---|---|---|---|
| 28/01/2025 | 346.02 KAU;1 R | LL3855 | 1 | 912.00 | 28/01/2025 | Law Books | Dewey Decimal Classification | LAW | 1319 | 06/01/2025 | Law Library | Law Library | Law Library | 27/01/2025 | MPP House | 1200.00 | LAW | ₹ | 1 | 24 | % |
